000 00794nam a2200229 i 4500
001 172377
003 ES-MaACL
005 20240417063050.0
007 t|
008 090629s1933 sp |||| | spa d
080 _a821.134.2-2"19"
100 1 _aMarquina, Eduardo,
_d1879-1946
_977043
245 1 0 _aTeresa de Jesús
_b: (estampas carmelitas) /
_cEduardo Marquina.
250 _a1ª ed.
260 _aMadrid :
_bReus,
_c1933.
300 _a300 p. ;
_c18 cm.
490 1 _aBiblioteca literaria de autores españoles y extranjeros ;
_v34
610 2 4 _aCarmelitas Descalzas.
_9170525
830 0 _aBiblioteca literaria de autores españoles y extranjeros ;
_v34
_9227282
852 _aES-MaACL
_jE-12577
_z. - Biblioteca Jacinto Martínez Lacalle
999 _c172377
_d172377